[Event "Rhein Main op-A 17th"]
[Site "Bad Homburg"]
[Date "2014.06.21"]
[Round "6"]
[White "Willnecker, Olaf"]
[Black "Ziese, Gerhard"]
[Result "1/2-1/2"]
[WhiteElo "1771"]
[BlackElo "1993"]
[PlyCount "136"]
[EventDate "2014.06.18"]
[EventType "swiss"]
[EventRounds "7"]
[EventCountry "GER"]
[SourceTitle "CBM 161 Extra"]
[Source "ChessBase"]
[SourceDate "2014.08.29"]
[SourceVersion "1"]
[SourceVersionDate "2014.08.29"]
[SourceQuality "1"]

1. d4 Nf6 2. c4 c5 3. d5 b5 4. cxb5 a6 5. bxa6 g6 6. Nc3 d6 7. g3 Bxa6 8. Bg2 Bg7 9. Nf3 0-0 10. 0-0 Nbd7 11. Rb1 Qa5 12. Qc2 Rfb8 13. Rd1 Ne8 14. Bd2 Nc7 15. b3 Nb5 16. Nxb5 Qxb5 17. Bf1 Qb6 18. Bc3 Bxc3 19. Qxc3 Bc8 20. a4 Qa7 21. e4 Rb4 22. e5 Rab8 23. exd6 exd6 24. Re1 Ba6 25. Bxa6 Qxa6 26. Re7 Qc8 27. Ng5 Ne5 28. f4 Qf5 29. Rb2 Qf6 30. Rxf7 Nf3+ 31. Qxf3 Qxb2 32. Qe3 Qd4 33. Qxd4 Rxd4 34. Rd7 Rxd5 35. Nxh7 Rf5 36. Ng5 d5 37. Ne6 d4 38. g4 Rf6 39. Nxc5 Rxf4 40. h3 Rb4 41. Ne6 Re4 42. Ng5 Re3 43. Nh7 Rf3 44. g5 Rf7 45. Nf6+ Kg7 46. Rd5 Re7 47. Kf2 Kf7 48. h4 Rc7 49. h5 gxh5 50. Nxh5 Rc3 51. Nf4 Rcxb3 52. g6+ Kf6 53. g7 Kxg7 54. Rxd4 Rxd4 55. Ne6+ Kf6 56. Nxd4 Rb4 57. Ke3 Rxa4 58. Ke4 Ra5 59. Nf3 Rf5 60. Nd4 Re5+ 61. Kf4 Re1 62. Nf3 Rf1 63. Ke4 Rf2 64. Ke3 Ra2 65. Ke4 Re2+ 66. Kf4 Rf2 67. Ke3 Rf1 68. Ke4 Rxf3 1/2-1/2

[Event "Rhein Main op-A 17th"]
[Site "Bad Homburg"]
[Date "2014.06.20"]
[Round "4"]
[White "Mertens, Klaus"]
[Black "Willnecker, Olaf"]
[Result "1-0"]
[WhiteElo "2020"]
[BlackElo "1771"]
[PlyCount "69"]
[EventDate "2014.06.18"]
[EventType "swiss"]
[EventRounds "7"]
[EventCountry "GER"]
[SourceTitle "CBM 161 Extra"]
[Source "ChessBase"]
[SourceDate "2014.08.29"]
[SourceVersion "1"]
[SourceVersionDate "2014.08.29"]
[SourceQuality "1"]

1. b3 e5 2. Bb2 Nc6 3. g3 d5 4. Bg2 Be6 5. d3 Qd7 6. Nd2 f6 7. c4 Nge7 8. a3 a5 9. Rc1 Rd8 10. Qc2 Ng6 11. h4 Be7 12. h5 Nf8 13. Ngf3 d4 14. Ne4 Bg4 15. h6 g5 16. Rb1 Bxf3 17. Bxf3 g4 18. Bg2 f5 19. Nd2 Rg8 20. Bc1 Rg6 21. c5 Bg5 22. Nc4 Bxc1 23. Qxc1 Qe6 24. b4 axb4 25. axb4 e4 26. Kf1 Ne7 27. Rh5 Nd5 28. Bxe4 Nc3 29. Rxf5 Nd7 30. Rf4 Rxh6 31. Rb2 Nf6 32. Bg2 Rd5 33. Rxd4 Rxd4 34. Qxh6 Qa6 35. Qc1 1-0